| 000 | 00824nam a2200193Ii 4500 | ||
|---|---|---|---|
| 003 | JO-AjNU | ||
| 008 | 230605s9999||||xx |||||||||||||| ||und|| | ||
| 040 |
_aJO-AjNU _bara _erda _cJO-AjNU |
||
| 041 | _aara | ||
| 050 | 1 | 4 | _aHQ535 .D4212 1989 |
| 100 | 3 |
_aديمس، جون, _eauthor _97995 |
|
| 245 | 0 | 0 | _aالماضي والحاضر والشخصي : العائلة ودورة الحياة في التاريخ الامريكي = Past,Present and Personal: The Family and The Life Course in American History |
| 264 | 3 | 1 | _aعمان: مركز الكتب الاردني، 1989 |
| 300 | _a222ص | ||
| 336 |
_atext _btxt _2rdacontent |
||
| 337 |
_aunmediated _bn _2rdamedia |
||
| 338 |
_avolume _bnc _2rdacarrier |
||
| 650 | 4 |
_aالاسرة - العلاقات الاسرية - الولايات المتحدة الامريكية _97996 |
|
| 999 |
_aA561 _c4129 _d4129 |
||